000 00306nam a2200121Ia 4500
005 20251222152011.0
008 251222s9999||||xx |||||||||||||| ||spa||
020 _a978-612-45942-6-7
082 _aREF.631.803/S24
245 0 _aDiccionario de especialidades agroquémicas
250 _a5a.ed.
942 _cLIB
999 _c24919
_d24919